000 00471nam a2200181Ia 4500
001 20199
005 20260306172748.0
008 260306t2007||||xx |||||||||||||| ||spa||
041 _aESP
082 _a343
_bC241
100 _aCianciardo, Juan
_eAUT
245 0 _aEl ejercicio regular de los derechos:
_banálisis y crítica del conflictivismo
260 _c2007
300 _a352 páginas :
_c23 cm.
650 _aGEN
654 _aCDE
942 _cLIB
_dJUS
_fJUS
_2ddc
_n
999 _c20199
_d20199